Historia de la Palestina moderna. Un territorio, dos pueblos

Αποθηκεύτηκε σε:
Λεπτομέρειες βιβλιογραφικής εγγραφής
Κύριος συγγραφέας: Pappe, Ilan (autor)
Μορφή: Βιβλίο
Γλώσσα:Ισπανικά
Έκδοση: Madrid Akal 2007
Σειρά:Historia
Θέματα:
Ετικέτες: Προσθήκη ετικέτας
Δεν υπάρχουν, Καταχωρήστε ετικέτα πρώτοι!

MARC

LEADER 00000nam a2200000 a 4500
001 UCI4027
003 CL-VaPUC
008 071214e20070000SP |||||||||||||||||spa|d
020 |a 9788446022558 
082 0 4 |a 956.94054  |b PAP  |2 21 
100 |a Pappe, Ilan  |e autor  |9 525639 
245 1 0 |a Historia de la Palestina moderna. Un territorio, dos pueblos 
300 |a 480 p 
942 |c BK 
945 |d 20071214 00:00:00  |a rbrito 
260 |a Madrid  |b Akal  |c 2007 
650 7 |a HISTORIA DE PALESTINA  |2 CL-VaPUC  |9 445371 
650 0 |a Colonialismo  |9 316469 
650 7 |a NACIONALISMO  |2 CL-VaPUC  |9 525640 
651 0 |a Palestina  |9 324189 
651 0 |a Israel  |9 314378 
583 |a last modification  |c 20071214 00:00:00  |k Rodrigo Vera 
490 0 |a Historia 
999 |c 328029  |d 328027 
952 |0 0  |1 0  |4 0  |6 956_940540000000000_PAP_2007  |7 0  |8 A  |9 411699  |a BIBHIS  |b BIBHIS  |d 2019-11-22  |i 4396588  |l 6  |m 3  |o 956.94054 PAP 2007  |p 4396588  |r 2025-01-20  |s 2023-11-15  |w 2019-11-22  |y BK  |k HIS